Vývin socializmu od utópie k vede

Bibliographic Details
Main Author: Engels, Friedrich, 1820-1895 (Author)
Other Authors: Musil, Pavol (Translator)
Format: Book
Language:Slovak
German
PhysicalDescription:93, [3] s. 8°, 20 cm
Published: Bratislava Slovenské vydavateľstvo politickej literatúry 1955
Edition:2. vyd.
Series:Malá knižnica marxizmu-leninizmu
Subjects:

MARC

LEADER 00000cam a2200000 a 4500
001 vtls008369734
003 SK-MaSNL
005 20260302041605.0
008 251124s1955 xo 001 0 slo
015 |a SNBA19451955-002458 
035 |a SK01SNKBKSFS20010061951 
035 |a SKM000064414 
040 |a SNK  |b slo  |c SNK  |e AACR2 
041 1 |a slo  |h ger 
044 |a xo  |c SK 
072 7 |a 14  |x Filozofické systémy a hľadiská  |2 konspekt 
080 |a 14  |2 1981 
080 |a 141.82:329.15  |2 2001 
080 |a 321.74  |2 2001 
100 1 |a Engels, Friedrich,  |d 1820-1895  |4 aut  |9 102766 
245 1 0 |a Vývin socializmu od utópie k vede  |c Friedrich Engels ; [z nemeckého originálu preložil Pavol Musil] 
250 |a 2. vyd. 
260 |a Bratislava  |b Slovenské vydavateľstvo politickej literatúry  |c 1955  |e Žilina  |f Pravda 
300 |a 93, [3] s.  |c 8°, 20 cm 
490 1 |a Malá knižnica marxizmu-leninizmu  |v sv. 53 
504 |a Menný register 
505 0 |a Engels Friedrich - Predslov k 1. vyd., s. 5-7. 
505 1 |a Engels Friedrich - Predslov k 4. vyd., s 8. 
505 1 |a Engels Friedrich - Predslov k ang. vyd., s. 9-32. 
563 |a 2.000 výtlač. 
650 0 7 |a marxizmus  |2 SNKPH  |9 2153 
650 0 7 |a Marxism  |2 SNKPHeng  |9 266803 
650 0 7 |a socializmus  |2 SNKPH  |9 2151 
650 0 7 |a Socialism  |2 SNKPHeng  |9 283036 
655 7 |a štúdie  |2 SNKPH  |9 57033 
700 1 |a Musil, Pavol  |4 trl  |9 302367 
830 0 |a Malá knižnica marxizmu-leninizmu  |9 309106 
852 |a Univerzitná knižnica v Bratislave  |b 300000  |h SD 6946 
852 |a Univerzitná knižnica v Bratislave  |b 300000  |h 20 D 4785 
852 |a Štátna vedecká knižnica v Košiciach  |b 900000  |h II 26190 
852 |a Ústredná knižnica SAV v Bratislave  |b 600000  |h A 17939 
852 |a Ústredná knižnica SAV v Bratislave  |b 600000  |h A 17992 
852 |a Národní knihovna ČR Praha  |b 9090000  |h I 96920 
852 |a Univerzitní knihovna Praha  |b 9230000  |h 54 H 17999 
958 |a OND 
958 |a RK 
958 |a TL 
999 |c 1079367  |d 1081297 
952 |a SNK  |b SNK  |y PREZ  |7 0  |p 17A0409319  |o snkSD 9606  |i snk408/55  |0 0  |1 0  |4 0  |d 2004-02-03  |l 0  |r 2025-11-24 00:00:00  |w 2026-02-24 
952 |a SNK  |b SNK  |y VYP  |7 0  |p 17A0888900  |o snkSD 9606 D1  |i snkI. 3324/55  |0 0  |1 0  |4 0  |d 2015-03-27  |l 0  |r 2026-02-24 16:21:05  |w 2026-02-24